000 00640nam a2200217Ia 4500
003 OSt
005 20221007074803.0
006 a|||||r|||| 00| 0
007 ta
008 221006b |||||||| |||| 00| 0 eng d
024 _a10,401
037 _cTextual
040 _aFLL
_cFLL
_beng
041 _2eng
_aeng
082 _aD854:Z444974, N7
100 _aBelbase Narayan Au.
_9686472
245 0 _aImplementation of international environmental law in nepal
260 _aNepal
_bThe world conservation union Nepal
_c1997
942 _hD854:Z444974, N7
_cTEXL
_2CC
999 _c1153667
_d1153667